00879nam a2200181 i 4500001000700000003000900007005001700016007000300033008004100036100004600077245029400123260008500417300002100502600004600523700003700569710005200606852003900658140116ES-MaACL20250416222539.0t|070214s1948 sp r ||||1| spa d1 aSedó Peris-Mencheta, Juan (d1908-1966)10aContribución a la Historia del coleccionismo cervantino y caballerescob: discurso leido el día 14 de marzo de 1948 en la recepción pública [en la Real Academia de Buenas Letras] de D. Juan Sedó Peris-Mencheta, y la contestación del académico numerario D. Martín de Riquer. aBarcelona : bHorta de I. y E., c1948 (fImp. de la Casa Provincial de Caridad) a32 p. ; c26 cm.14aCervantes Saavedra, Miguel de,d1547-16161 aRiquer, Martín de, d1914-20132 aReial Acadèmia de Bones Lletres de Barcelona. aES-MaACLj2043-F-24 bR.5617134481